00691nam a2200217Ia 450000500170000000800410001702000180005804100120007608200160008810000170010424501300012126000360025130000230028765000290031065000140033965000210035365000220037465000180039665000390041470000200045320260429111902.0260429s9999||||xx |||||||||||||| ||und|| a9789353949518 aEnglish a005.13bDEI aDeitel, Paul 0aIntro to python for computer science and data science : blearning to program with AI, big data and the cloud / cPaul Deitel aNoida : bPearson India,c2022. axliii, 831 p.; pbk a Artificial intelligence a Big data a Cloud computing a Computer science a Data science aPython (Computer program language) a Deitel, Harvey